[Event "Lleida Province-ch"]
[Site "Almenar"]
[Date "2010.10.??"]
[Round "8"]
[White "Prat Baque, Vicenc"]
[Black "Arno Bendicho, Arnau"]
[Result "1/2-1/2"]
[WhiteElo "1977"]
[BlackElo "1907"]
[PlyCount "125"]
[EventDate "2010.10.10"]
[EventType "swiss"]
[EventRounds "9"]
[EventCountry "ESP"]
[SourceTitle "EXT 2015"]
[Source "ChessBase"]
[SourceDate "2014.11.20"]
[SourceVersion "1"]
[SourceVersionDate "2014.11.20"]
[SourceQuality "1"]

1. d4 e6 2. e4 d5 3. Nd2 dxe4 4. Nxe4 Nf6 5. Nxf6+ Qxf6 6. Nf3 h6 7. Bd3 Bd6 8. 0-0 0-0 9. Qe2 Nc6 10. Qe4 Qf5 11. Qh4 Be7 12. Qg3 Bd6 13. Qh4 Be7 14. Bxf5 Bxh4 15. Be4 Be7 16. Rd1 a5 17. Bf4 Bd6 18. Bxd6 cxd6 19. c3 d5 20. Bd3 Rd8 21. Re1 Bd7 22. Ne5 Be8 23. f4 Nxe5 24. fxe5 b5 25. a3 Rdc8 26. Kf2 b4 27. axb4 axb4 28. cxb4 Rxa1 29. Rxa1 Rb8 30. b5 Bxb5 31. Bxb5 Rxb5 32. Rb1 Rb3 33. Ke2 f6 34. exf6 gxf6 35. Kd2 Kf7 36. Kc2 Rb4 37. Kc3 Rc4+ 38. Kd3 Rb4 39. b3 e5 40. dxe5 fxe5 41. Kc3 Rg4 42. Rb2 Ke6 43. b4 Kd6 44. Ra2 Kc6 45. g3 Kb6 46. Ra5 Rc4+ 47. Kb3 Rd4 48. Rc5 Rd3+ 49. Rc3 Rxc3+ 50. Kxc3 Kb5 51. g4 d4+ 52. Kd3 Kxb4 53. h4 Kc5 54. g5 hxg5 55. h5 g4 56. h6 g3 57. h7 g2 58. h8Q e4+ 59. Kxe4 g1Q 60. Qc8+ Kb4 61. Qb7+ Kc3 62. Qc7+ Kd2 63. Qa5+ 1/2-1/2

[Event "Lleida Province-ch"]
[Site "Almenar"]
[Date "2010.10.??"]
[Round "6"]
[White "Prat Baque, Vicenc"]
[Black "Ortiz Navarro, Miquel Angel"]
[Result "1/2-1/2"]
[WhiteElo "1977"]
[BlackElo "2024"]
[PlyCount "39"]
[EventDate "2010.10.10"]
[EventType "swiss"]
[EventRounds "9"]
[EventCountry "ESP"]
[SourceTitle "EXT 2015"]
[Source "ChessBase"]
[SourceDate "2014.11.20"]
[SourceVersion "1"]
[SourceVersionDate "2014.11.20"]
[SourceQuality "1"]

1. d4 e6 2. c4 f5 3. g3 Nf6 4. Bg2 Bb4+ 5. Bd2 Be7 6. Qb3 0-0 7. d5 Kh8 8. dxe6 dxe6 9. Bxb7 Bxb7 10. Qxb7 Nbd7 11. Nf3 Nc5 12. Qc6 Rb8 13. Ba5 Rxb2 14. Qxc7 Rxe2+ 15. Kf1 Qxc7 16. Bxc7 Rc2 17. Nbd2 Nfe4 18. Ke2 Bf6 19. Rhc1 Nc3+ 20. Kf1 1/2-1/2

[Event "Lleida Province-ch"]
[Site "Almenar"]
[Date "2010.10.??"]
[Round "2"]
[White "Prat Baque, Vicenc"]
[Black "Ramon Solans, Albert"]
[Result "0-1"]
[WhiteElo "1977"]
[BlackElo "2221"]
[PlyCount "110"]
[EventDate "2010.10.10"]
[EventType "swiss"]
[EventRounds "9"]
[EventCountry "ESP"]
[SourceTitle "EXT 2015"]
[Source "ChessBase"]
[SourceDate "2014.11.20"]
[SourceVersion "1"]
[SourceVersionDate "2014.11.20"]
[SourceQuality "1"]

1. d4 d5 2. c4 c6 3. Nc3 Nf6 4. Nf3 e6 5. Bg5 Nbd7 6. cxd5 exd5 7. Qc2 g6 8. e3 Bg7 9. Bd3 a5 10. Ne5 0-0 11. 0-0 h6 12. Bh4 g5 13. Bg3 Nh5 14. f4 Nxg3 15. hxg3 Nxe5 16. fxe5 f6 17. exf6 Rxf6 18. Rxf6 Qxf6 19. Bh7+ Kh8 20. Qg6 Qe7 21. Re1 Bd7 22. Qb1 Rf8 23. Bd3 Qe6 24. Qd1 Qd6 25. Kh2 Qe6 26. Kg1 Re8 27. Bc2 Kg8 28. Qd3 Kf8 29. Rf1+ Ke7 30. e4 dxe4 31. Nxe4 Qd5 32. Kh2 Qxd4 33. Qb3 Rf8 34. Rd1 Qb4 35. Qd3 Bg4 36. Rd2 Be5 37. a3 Qxb2 38. Bd1 Qb5 39. Bxg4 Qxd3 40. Rxd3 Rd8 41. Rb3 b5 42. Nc5 h5 43. Re3 Rd5 44. Nd3 hxg4 45. Nxe5 Kd6 46. Nxg4 c5 47. Kg1 b4 48. Kf1 a4 49. axb4 cxb4 50. Re4 Rb5 51. Ne3 a3 52. Nc2 a2 53. Rd4+ Kc5 54. Rd1 b3 55. Na3 b2 0-1